कारगिल की ललकार : (Record no. 113787)

MARC details
000 -LEADER
fixed length control field 01173nam a22002897a 4500
003 - CONTROL NUMBER IDENTIFIER
control field dpl
005 - DATE AND TIME OF LATEST TRANSACTION
control field 20190115134012.0
008 - FIXED-LENGTH DATA ELEMENTS--GENERAL INFORMATION
fixed length control field 190115b ||||| |||| 00| 0 eng d
010 ## - LIBRARY OF CONGRESS CONTROL NUMBER
LC control number B-002693
020 ## - INTERNATIONAL STANDARD BOOK NUMBER
Terms of availability 95.00
035 ## - SYSTEM CONTROL NUMBER
System control number B-002693, B-002694
037 ## - SOURCE OF ACQUISITION
Source of stock number/acquisition Cen Lib/Ret
040 ## - CATALOGING SOURCE
Original cataloging agency DPL
Language of cataloging HN
Transcribing agency 0
082 ## - DEWEY DECIMAL CLASSIFICATION NUMBER
Classification number 821
Item number धवन
100 ## - MAIN ENTRY--PERSONAL NAME
Personal name धवन, मधु
9 (RLIN) 46919
245 ## - TITLE STATEMENT
Title कारगिल की ललकार :
Statement of responsibility, etc मधु धवन
Remainder of title खण्डकाव्य /
246 ## - VARYING FORM OF TITLE
Title proper/short title Kargil ki lalkar : khandkavye /
Remainder of title by Madhu Dhavan
260 ## - PUBLICATION, DISTRIBUTION, ETC. (IMPRINT)
Place of publication, distribution, etc दिल्ली
Name of publisher, distributor, etc पेनमैन पब्लिशर्स
Date of publication, distribution, etc 1999
270 ## - ADDRESS
City दिल्ली
Address 7309/5, प्रेम नगर, शक्ति नगर
Postal code 110007
300 ## - PHYSICAL DESCRIPTION
Extent 84पृ. :
Dimensions 21सेमी (सजिल्द)
Other physical details सचित्र
500 ## - GENERAL NOTE
General note अनुक्रमाणिका शामिल
650 ## - SUBJECT ADDED ENTRY--TOPICAL TERM
Topical term or geographic name as entry element हिन्दी -- साहित्य
9 (RLIN) 53846
650 ## - SUBJECT ADDED ENTRY--TOPICAL TERM
Topical term or geographic name as entry element हिन्दी -- कविता
9 (RLIN) 779
650 ## - SUBJECT ADDED ENTRY--TOPICAL TERM
Topical term or geographic name as entry element Hindi -- Literature
9 (RLIN) 53847
650 ## - SUBJECT ADDED ENTRY--TOPICAL TERM
Topical term or geographic name as entry element Hindi - poem
9 (RLIN) 53848
942 ## - ADDED ENTRY ELEMENTS (KOHA)
Source of classification or shelving scheme Dewey Decimal Classification
Koha item type Hindi Books
Classification part 821
Call number suffix धवन
Holdings
Withdrawn status Lost status Damaged status Not for loan Home library Current library Date acquired Source of acquisition Cost, normal purchase price Total Checkouts Full call number Barcode Date last seen Copy number Cost, replacement price Price effective from Koha item type Source of classification or shelving scheme Collection code
        Central Library Central Library 13/08/2015 Cen Lib/Ret 95.00   821 धवन B-002693 13/08/2015 1 95.00 13/08/2015 Hindi Books    
        Shahdara Branch Shahdara Branch 15/01/2019 BPPD/PUB 95.00   821 धवन B-002694 15/01/2019   95.00 15/01/2019 Hindi Books Dewey Decimal Classification Non-fiction

© Delhi Public Library
Hit Counter
free hit counter